| 000 | 01033nam a2200289 i 4500 | ||
|---|---|---|---|
| 001 | 000046049 | ||
| 003 | DO-SdBNP | ||
| 005 | 20240927073749.0 | ||
| 007 | ta | ||
| 008 | 150612s1956 dr ac r 000 0 spa d | ||
| 040 |
_aDO-SdBNP _bspa _cBNPHU _erda |
||
| 082 | 4 |
_aRD860.9 _bB171h, 1956 _222 |
|
| 100 | 1 |
_a Balaguer, Joaquín, _d1906-2002 _eautor _976556 |
|
| 245 | 1 | 0 |
_aHistoria de la literatura dominicana / _cJoaquín Balaguer ; ilustraciones, Ignacio del Río y Milán Lora G. |
| 250 | _a5 ed. corre. y aum. | ||
| 264 |
_aBuenos Aires : _bGráfica Guadalupe, _c1956. |
||
| 300 |
_a372 páginas : _bilustraciones, retratos ; _c21 cm. |
||
| 336 |
_2rdacontent _atexto _btxt |
||
| 337 |
_2rdamedia _asin mediación _bn |
||
| 338 |
_2rdacarrier _avolumen _bnc |
||
| 500 | _aIncluye índices de nombres | ||
| 504 | _aBibliografía : p. 331-333 | ||
| 586 | _aPremio Nacional de Obras Didácticas, 1956 | ||
| 700 | 1 |
_aDel Río, Ignacio _eilustraciones _974126 |
|
| 700 | 1 |
_aLora G., Milán, _eilustraciones _974127 |
|
| 942 |
_2ddc _cLBS1 |
||
| 999 |
_c45538 _d45538 |
||